Convocatoria de Argentina - Copa América 2024 - Estadísticas

Estadísticas generales
  • Esta prueba ha sido intentada 102 veces
  • La puntuación promedio es 23 de 26
Estadísticas de respuestas
Imagen Respuesta % Correcto
Ángel Di María
100%
Emiliano Martínez
100%
Lionel Messi
100%
Rodrigo De Paul
100%
Alejandro Garnacho
99%
Julián Álvarez
99%
Lautaro Martínez
99%
Nicolás Otamendi
99%
Alexis Macallister
96%
Marcos Acuña
96%
Nicolás Tagliafico
96%
Cristian Romero
95%
Franco Armani
95%
Gerónimo Rulli
95%
Gonzalo Montiel
95%
Leandro Paredes
93%
Lisandro Martínez
93%
Nahuel Molina
91%
Enzo Fernández
89%
Giovani Lo Celso
88%
Germán Pezzella
85%
Guido Rodríguez
82%
Nicolás González
77%
Exequiel Palacios
72%
Lucas Martínez Quarta
51%
Valentín Carboni
51%
No se encontraron pruebas coincidentes
Distribución de puntuación
Porcentaje de gente con cada puntuación
Porcentaje por número respondido
Historial de tus puntuaciones
No has intentado esta prueba.